000 01807nam a2200265Ia 4500
003 CO-CtgCURN
005 20250827191705.0
008 190726s2003 xx 000 0 und d
020 _a9584205455
040 _aCO-CtgCURN
_bspa
_ccoctgcurn
082 _aCo863.44
_bV152
100 _aValencia, Cristian
_eautor
245 0 _aBitácora del dragón /
_cCristian Valencia
250 _a1 edición
260 _aBogotá, Colombia :
_bEditorial Planeta,
_c2003
300 _a239 páginas ;
_c22 centímetros
500 _aIncluye epílogo e índice
505 _a1. La tripulación -- 2. El dragón -- 3. Piratas franceses -- 4. El capitán -- 5. San Blas.
520 _aEs la historia de un grupo demencial que decide arrojar al traste todo lo que tiene en tierra y comenzar a soñar con paraísos perdidos, allá lejos, en los mares del sur. Obnubilados por tanto cuanto de pirata y tanta aventura verdadera, los dispares y disparatados amigos se meten a reparar un velero en pésimas condiciones, con la secreta intención de llegar a Bora. Bora, Nengo-Nengo y otros destinos más descabellados. Lo que desde Bogotá parecía tan sencillo, en Cartagena se les convierte en un clavario. Aunque logran llegar al puerto, las averías del barco les impiden partir. Al cabo de seis meses, cuando por fin se hacen a la mar, deciden llevar doce extranjeros hacia el archipiélago de las Mulatas. La aventura se convierte en un viaje de locos que no desaprovechan oportunidad para irse a los puños, hubiera sol o tormenta, y así se encontraran a punto de naufragar.
521 _aAREA BASICA
590 _aTodos los programas académicos
650 _aNovela colombiana
942 _cBK
_hCo863.44
_iV152
_2ddc
_n0
999 _c30578
_d30578